| 000 | 00765nam a22002295i 4500 | ||
|---|---|---|---|
| 001 | 163583 | ||
| 003 | ES-MaACL | ||
| 005 | 20250626193832.0 | ||
| 008 | 990129s1889 sp |||| | spa d | ||
| 040 |
_aCCPB | B _bspa _cCCPB | B |
||
| 100 | 1 |
_aRivas, Anselmo R. de. _9131858 |
|
| 245 | 1 | 3 |
_aLa política económica de España / _cpor ... Anselmo R. de Rivas. |
| 260 |
_aMadrid : _b[s.n.], _c1889 ( _fTipografía de Manuel G. Hernández) |
||
| 300 |
_aXXI, 408 p. ; _c20 cm. |
||
| 596 | 1 | _aMarca tip. en port. | |
| 597 | 1 | _aAntep. | |
| 650 | 4 |
_aEconomía- _zEspaña. _912009 |
|
| 651 | 7 |
_aEspaña- _xPolítica y gobierno- _yS.XIX _2 _9161744 |
|
| 752 |
_aEspaña - _dMadrid |
||
| 852 |
_aES-MaACL _jG-8046 _z-- Enc. pasta |
||
| 999 |
_c163583 _d163583 |
||